000
00336 a2200157 4500
001
44473
020
_a
8574162876
040
_c
Anchieta - Aquarius
100
_a
Cha, Mi-Jeong
240
1
0
_a
Vamos adivinhar
_l
por
245
1
0
_a
Vamos adivinhar
300
_a
362
0
_a
2006
650
4
_a
Literatura infanto-juvenil
942
_c
BK
999
_c
44473
_d
44473